Vietnam Communist Revolution Quiz - Statistics

General Stats
  • This quiz has been taken 53 times
  • The average score is 12 of 15
Answer Stats
Question Answer % Correct
What European power had previously colonized Vietnam? France
95%
Who was the leader of the Communist Revolution in Vietnam? Ho Chi Minh
95%
What was the name of the Guerilla force that fought for the Communist North Vietnam? Viet Cong
93%
What colony was Vietnam apart of? French Indochina
91%
Who was the Leader of China during the Vietnam War? Mao Zedong
91%
What massacre happened when US soldiers fired up on unarmed villagers in Vietnam? My Lai massacre
91%
And what was the Capital of the Democratic south? Saigon
88%
What country was also invaded by the United States during the Vietnam War? Cambodia
86%
What was the Capital city of the Communist North Vietnam? Hanoi
86%
On what holiday did North Vietnam launch an offensive against the south in 1968? Tet
84%
Which event allowed President Johnson to increase US military presence in Vietnam? Gulf of Tonkin
79%
What year did North Vietnam conquer the south? 1975
74%
What president finally pulled US troops out of Vietnam? Richard M. Nixon
70%
Who was the President of the United states when Vietnam declared independence? Harry S. Truman
42%
What ship was supposedly attacked by North Vietnam in the Gulf of Tonkin? USS Maddox
28%
No matching quizzes found
Score Distribution
Percent of People with Each Score
Percentile by Number Answered
Your Score History
You have not taken this quiz